Pali prakrit apabhramsa aru asamiya bhasa (Record no. 3649)

MARC details
000 -LEADER
fixed length control field 00500cam a2200193ua 4500
008 - FIXED-LENGTH DATA ELEMENTS--GENERAL INFORMATION
fixed length control field 170116n ii |||gr||||Z||||||asm
040 ## - CATALOGING SOURCE
Transcribing agency MAIN
041 ## - LANGUAGE CODE
-- asm
082 ## - DEWEY DECIMAL CLASSIFICATION NUMBER
Classification number 491.3
100 ## - MAIN ENTRY--PERSONAL NAME
Personal name Thakur, Nagen,
245 ## - TITLE STATEMENT
Title Pali prakrit apabhramsa aru asamiya bhasa
Statement of responsibility, etc. by Nagen Thakur
250 ## - EDITION STATEMENT
Edition statement 1st.
260 ## - PUBLICATION, DISTRIBUTION, ETC.
Place of publication, distribution, etc. Guwahati:
Name of publisher, distributor, etc. Assam book Depot,967.
300 ## - PHYSICAL DESCRIPTION
Extent 120p:
Dimensions 23cm.
942 ## - ADDED ENTRY ELEMENTS (KOHA)
Koha item type Books
653 ## - INDEX TERM--UNCONTROLLED
Uncontrolled term Assamese language
653 ## - INDEX TERM--UNCONTROLLED
Uncontrolled term Pali prakrit apabhramsa aru asamiya bhasa
Holdings
Withdrawn status Lost status Damaged status Not for loan Home library Current library Shelving location Date acquired Total Checkouts Full call number Barcode Date last seen Date last checked out Copy number Price effective from Koha item type
        Central Library, Naharkatiya College Central Library, Naharkatiya College General Stacks 19/09/2020 12 491.3 | THA 8169 25/05/2024 27/04/2024 1 19/09/2020 Books
        Central Library, Naharkatiya College Central Library, Naharkatiya College General Stacks 19/09/2020 1 491.3 | THA 8170 09/09/2022 28/05/2022 2 19/09/2020 Books

Naharkatiya College © 2020. All rights reserved.

Powered By